Every State by Population Density - Statistics

General Stats
  • This quiz has been taken 29 times
  • The average score is 39 of 50
Answer Stats
Density State % Correct
747 C Connecticut
100%
529 D Delaware
100%
422 F Florida
100%
637 M Maryland
100%
415 N New York
100%
290 P Pennsylvania
100%
1,060 R Rhode Island
100%
898 M Massachusetts
96%
1,263 N New Jersey
96%
288 O Ohio
96%
223 H Hawaii
92%
226 I Illinois
92%
192 I Indiana
92%
221 V Virginia
92%
250 C California
88%
192 G Georgia
88%
179 S South Carolina
88%
109 W Wisconsin
88%
115 K Kentucky
84%
173 T Tennessee
84%
117 T Texas
84%
106 L Louisiana
80%
223 N North Carolina
80%
118 W Washington
80%
178 M Michigan
76%
74 W West Virginia
76%
101 A Alabama
72%
157 N New Hampshire
72%
11 N North Dakota
72%
44 O Oregon
72%
1.3 A Alaska
68%
57 C Colorado
68%
24 I Idaho
68%
57 I Iowa
68%
59 O Oklahoma
68%
12 S South Dakota
68%
70 V Vermont
68%
65 A Arizona
64%
59 A Arkansas
64%
26 N Nebraska
64%
42 U Utah
64%
6 W Wyoming
64%
36 K Kansas
60%
90 M Missouri
60%
7.8 M Montana
60%
29 N Nevada
56%
17 N New Mexico
56%
45 M Maine
52%
72 M Minnesota
52%
63 M Mississippi
44%
No matching quizzes found
Score Distribution
Percent of People with Each Score
Percentile by Number Answered
Your Score History
You have not taken this quiz